| 000 | 00897cam a2200301Ka 4500 | ||
|---|---|---|---|
| 001 | 225909 | ||
| 003 | GBCCL | ||
| 005 | 20241126110400.0 | ||
| 008 | 870528r19901885stk 000 0 eng d | ||
| 020 | _a085151491X | ||
| 020 | _a9780851514918 | ||
| 035 | _a(OCoLC)ocn638701454 | ||
| 035 | _a(OCoLC)638701454 | ||
| 040 |
_aY$R _cY$R _dGZM |
||
| 049 |
_aLBBK _aLBBA |
||
| 082 | 0 | 4 |
_a261.8336 _222 _bSHE |
| 090 |
_aBT836.2 _b.S54 1990 |
||
| 100 | 1 |
_aShedd, William Greenough Thayer, _d1820-1894. _92787 |
|
| 245 | 1 | 4 |
_aThe doctrine of endless punishment / _cW.G.T. Shedd. |
| 250 | _aRepr. | ||
| 260 |
_aEdinburgh : _bBanner of Truth Trust, _c1985 _g(1990 printing). |
||
| 300 |
_avii, 201 p. ; _c20 cm. |
||
| 500 | _aOriginally published: S.L. : S.n., 1885. | ||
| 650 | 0 |
_aPunishment (Canon law) _92788 |
|
| 650 | 0 |
_aEschatology. _92009 |
|
| 650 | 0 |
_aTheology, Doctrinal. _914 |
|
| 942 |
_2ddc _cBK |
||
| 999 |
_c1402 _d1402 |
||